|
|
|
|
| LEADER |
00000caa a2200000 c 4500 |
| 001 |
1751645355 |
| 003 |
DE-627 |
| 005 |
20221129141651.0 |
| 007 |
cr uuu---uuuuu |
| 008 |
210317s1933 xx |||||o 00| ||ger c |
| 035 |
|
|
|a (DE-627)1751645355
|
| 035 |
|
|
|a (DE-599)KXP1751645355
|
| 040 |
|
|
|a DE-627
|b ger
|c DE-627
|e rda
|
| 041 |
|
|
|a ger
|
| 100 |
1 |
|
|e VerfasserIn
|0 (DE-588)101518668
|0 (DE-627)136499910
|0 (DE-576)163625034
|4 aut
|a Wotschke, Theodor
|d 1871-1939
|
| 109 |
|
|
|a Wotschke, Theodor 1871-1939
|a Wotschke, Theodor Otto Gustav 1871-1939
|a Wotschke 1871-1939
|
| 245 |
1 |
0 |
|a Zwei Schwärmer am Niederrhein
|c von D. Dr. Theodor Wotschke in Pratau
|
| 264 |
|
1 |
|c 1933
|
| 336 |
|
|
|a Text
|b txt
|2 rdacontent
|
| 337 |
|
|
|a Computermedien
|b c
|2 rdamedia
|
| 338 |
|
|
|a Online-Ressource
|b cr
|2 rdacarrier
|
| 601 |
|
|
|a Niederrhein
|
| 773 |
0 |
8 |
|i Enthalten in
|t Monatshefte für rheinische Kirchengeschichte
|d [Wechselnde Erscheinungsorte] : [Verlag nicht ermittelbar], 1907
|g 27(1933), Seite 144-178
|h Online-Ressource
|w (DE-627)797381236
|w (DE-600)2785428-0
|w (DE-576)414833511
|7 nnas
|
| 773 |
1 |
8 |
|g volume:27
|g year:1933
|g pages:144-178
|
| 935 |
|
|
|a FRST
|a mteo
|
| 951 |
|
|
|a AR
|
| ELC |
|
|
|a 1
|
| LOK |
|
|
|0 000 xxxxxcx a22 zn 4500
|
| LOK |
|
|
|0 001 422177519X
|
| LOK |
|
|
|0 003 DE-627
|
| LOK |
|
|
|0 004 1751645355
|
| LOK |
|
|
|0 005 20240914080758
|
| LOK |
|
|
|0 008 221129||||||||||||||||ger|||||||
|
| LOK |
|
|
|0 040
|a DE-Tue135
|c DE-627
|d DE-Tue135
|
| LOK |
|
|
|0 092
|o n
|
| LOK |
|
|
|0 852
|a DE-Tue135
|
| LOK |
|
|
|0 852 1
|9 00
|
| LOK |
|
|
|0 866
|x SPQUE#Bibliothek der Franckeschen Stiftungen
|
| LOK |
|
|
|0 866
|x SPQUE#Bibliothek der Franckeschen Stiftungen#SPSAM#Aufsätze zur Geschichte des Pietismus im K10plus
|
| LOK |
|
|
|0 935
|a FRST
|a gepi
|
| LOK |
|
|
|0 939
|a 29-11-22
|b l01
|
| ORI |
|
|
|a SA-MARC-ixtheoa001.raw
|